Vista normal
Vista MARC
Entrada Materia (tema)
Número de registros utilizados en: 1
001 - CONTROL NUMBER
- control field: 37610
003 - CONTROL NUMBER IDENTIFIER
- control field: Co-BoUCM
005 - DATE AND TIME OF LATEST TRANSACTION
- control field: 20130516103622.0
008 - FIXED-LENGTH DATA ELEMENTS
- fixed length control field: 130516|| aca||aabn | a|a d
040 ## - CATALOGING SOURCE
- Original cataloging agency: Co-BoUCM
- Transcribing agency: Co-BoUCM
150 ## - HEADING--TOPICAL TERM
- Topical term or geographic name as entry element: Ayudas técnicas para personas con discapacidad
670 ## - SOURCE DATA FOUND
- Source citation: Work cat.: (Co-BoUCM)166461: Las TIC para la igualdad, 2007